<?xml version="1.0" encoding="UTF-8"?>
<record
    xmlns:xsi="http://www.w3.org/2001/XMLSchema-instance"
    xsi:schemaLocation="http://www.loc.gov/MARC21/slim http://www.loc.gov/standards/marcxml/schema/MARC21slim.xsd"
    xmlns="http://www.loc.gov/MARC21/slim">

  <leader>00308nam a2200133Ia 4500</leader>
  <controlfield tag="005">20251219220146.0</controlfield>
  <controlfield tag="008">251219s9999    xx            000 0 und d</controlfield>
  <datafield tag="082" ind1=" " ind2=" ">
    <subfield code="a">SIC.74</subfield>
  </datafield>
  <datafield tag="100" ind1=" " ind2=" ">
    <subfield code="a">Corporaci&#xF3;n t&#xE9;cnica</subfield>
  </datafield>
  <datafield tag="245" ind1=" " ind2="0">
    <subfield code="a"> Aprendiendo m&#xF3;dulo II fasciculo 3</subfield>
  </datafield>
  <datafield tag="250" ind1=" " ind2=" ">
    <subfield code="a">245</subfield>
    <subfield code="a"></subfield>
  </datafield>
  <datafield tag="264" ind1=" " ind2=" ">
    <subfield code="b">GTZ</subfield>
  </datafield>
  <datafield tag="942" ind1=" " ind2=" ">
    <subfield code="c">LIB</subfield>
  </datafield>
  <datafield tag="999" ind1=" " ind2=" ">
    <subfield code="c">210</subfield>
    <subfield code="d">210</subfield>
  </datafield>
</record>
